00951nam a22002535a 450000500170000000800410001701000140005802000260007202000230009803500130012103700150013404000180014908200220016724500910018924600250028026000470030527000640035230000370041650000400045365000660049365000690055965000500062870000190067820090725145332.0090326s2009 ii a b 000 0 eng  aENG-94544 a9780195698152c695.00 a0195698150c695.00 aEN-78077 bDBAD / PUB adplbEnglish  a364.1523095409034 aStranglers and bandits :ba historical anthology of thuggee /cedited by Kim A. Wagner aStranglers & bandits aNew Delhi ;bOxford University Pressc2009 aYMCA Library Building, Jai Singh Road, bNew Delhi e110001 axvi, 318 p. :bill. ;c23cm(Hb)  aIncludes bibliographical references aThugs (Indic criminal group)xHistoryy19th centuryvSources. aThugs (Indic criminal group)xHistoryy19th centuryvChronology. aThugs (Indic criminal group)xHistoriography. aWagner, Kim A.